[Event "4NCL Division 4 South"]
[Site "Telford, ENG"]
[Date "2016.05.01"]
[Round "10.99"]
[White "Burke, Steven J"]
[Black "Howell, Chris I"]
[Result "1/2-1/2"]
[WhiteElo "1906"]
[BlackElo "1997"]
[PlyCount "65"]
[EventDate "2016.05.01"]

1. d4 Nf6 2. c4 g6 3. Nc3 Bg7 4. e4 d6 5. Nf3 O-O 6. Be2 Na6 7. O-O c5 8. d5
Bg4 9. h3 Bxf3 10. Bxf3 Nd7 11. Be2 Nc7 12. Bg5 f5 13. exf5 Rxf5 14. Qd2 b5 15.
Bg4 Ne5 16. Bxf5 Nxc4 17. Qe2 gxf5 18. Nxb5 Nxb2 19. Bxe7 Qd7 20. Nxc7 Qxc7 21.
Qe6+ Kh8 22. Bxd6 Qb6 23. Be5 Qxe6 24. Bxg7+ Kxg7 25. dxe6 Kf6 26. Rac1 Rc8 27.
Rc3 Kxe6 28. Rb1 Na4 29. Ra3 Nb6 30. Rxa7 Nd5 31. Re1+ Kd6 32. Rxh7 c4 33. Rh5
1/2-1/2

[Event "4NCL Division 4 South"]
[Site "Telford, ENG"]
[Date "2016.05.01"]
[Round "10.99"]
[White "Payne, Matthew J"]
[Black "Truman, Richard G"]
[Result "1/2-1/2"]
[WhiteElo "2023"]
[BlackElo "1958"]
[PlyCount "55"]
[EventDate "2016.05.01"]

1. e4 e5 2. Nf3 Nc6 3. d4 exd4 4. Nxd4 Nf6 5. Nxc6 bxc6 6. e5 Qe7 7. Qe2 Nd5 8.
c4 Nb6 9. Nc3 a5 10. f4 Ba6 11. b3 Qe6 12. Qe4 Bb4 13. Bd2 d5 14. exd6 cxd6 15.
O-O-O O-O 16. Qxc6 Rab8 17. Bd3 Ba3+ 18. Kc2 Rfc8 19. Qe4 Qxe4 20. Bxe4 Nxc4
21. bxc4 Rb2+ 22. Kd3 Rxc4 23. Ke3 Bc5+ 24. Kf3 Rxd2 25. Rxd2 Rxc3+ 26. Kg4 g6
27. Bf3 Bc4 28. Rhd1 1/2-1/2

[Event "4NCL Division 4 South"]
[Site "Telford, ENG"]
[Date "2016.05.01"]
[Round "10.99"]
[White "Flynn, David"]
[Black "Howell, Oliver W"]
[Result "1/2-1/2"]
[WhiteElo "1861"]
[BlackElo "1795"]
[PlyCount "30"]
[EventDate "2016.05.01"]

1. e4 e6 2. d4 d5 3. e5 c5 4. c3 Nc6 5. Nf3 Bd7 6. Be2 Qb6 7. O-O Nh6 8. Na3
Nf5 9. Nc2 Rc8 10. g4 Nh6 11. h3 Qc7 12. Bf4 f5 13. Nh2 cxd4 14. Nxd4 Nxe5 15.
gxf5 Nxf5 1/2-1/2

[Event "4NCL Division 4 South"]
[Site "Telford, ENG"]
[Date "2016.05.01"]
[Round "10.99"]
[White "Miller, Dominic"]
[Black "Taylor, Robert P"]
[Result "1-0"]
[WhiteElo "1765"]
[BlackElo "1893"]
[PlyCount "49"]
[EventDate "2016.05.01"]

1. e4 Nc6 2. Nf3 f5 3. Nc3 fxe4 4. Nxe4 d5 5. Ng3 Nf6 6. d4 Qd6 7. Be2 e5 8.
dxe5 Nxe5 9. O-O Ng6 10. Re1 Ne7 11. Ne5 g6 12. Bf4 Qb6 13. c4 Bg7 14. cxd5
Nfxd5 15. Bc4 Be6 16. Bxd5 Bxd5 17. Nxg6 hxg6 18. Qxd5 Rd8 19. Qe4 Bf8 20. Bxc7
Qxc7 21. Qxg6+ Kd7 22. Qe6+ Ke8 23. Nh5 Rd6 24. Nf6+ Kd8 25. Rad1 1-0

[Event "4NCL Division 4 South"]
[Site "Telford, ENG"]
[Date "2016.05.01"]
[Round "10.99"]
[White "Hill, Maurice J"]
[Black "Forster, Matthew"]
[Result "1/2-1/2"]
[WhiteElo "1802"]
[BlackElo "1720"]
[PlyCount "84"]
[EventDate "2016.05.01"]

1. g3 c5 2. Bg2 g6 3. Nf3 Bg7 4. O-O Nc6 5. c3 e6 6. e4 Nge7 7. Re1 O-O 8. Na3
d5 9. d3 d4 10. c4 e5 11. Nc2 Bg4 12. h3 Bxf3 13. Bxf3 Qd7 14. Bg2 f5 15. exf5
gxf5 16. f4 Ng6 17. Qf3 Rae8 18. Qd5+ Qxd5 19. Bxd5+ Kh8 20. Bd2 e4 21. dxe4 d3
22. Ne3 fxe4 23. Bc3 Nd4 24. Kg2 Nf3 25. Bxg7+ Kxg7 26. Rf1 d2 27. Rad1 h5 28.
h4 Rf6 29. Kh3 Re7 30. Bxe4 Nfxh4 31. Bxg6 Rxe3 32. Kxh4 Rxg6 33. Rg1 Re2 34.
Kh3 Rf2 35. Rg2 Rxg2 36. Kxg2 Rd6 37. Kf3 Rd3+ 38. Ke4 Rxg3 39. Rxd2 Kf6 40.
Rd6+ Ke7 41. Rh6 Rg2 42. Rxh5 Rxb2 1/2-1/2

[Event "4NCL Division 4 South"]
[Site "Telford, ENG"]
[Date "2016.05.01"]
[Round "10.99"]
[White "Graham, William M"]
[Black "Graham, Neil"]
[Result "1-0"]
[WhiteElo "1798"]
[BlackElo "1832"]
[PlyCount "105"]
[EventDate "2016.05.01"]

1. c4 Nf6 2. g3 d5 3. cxd5 Nxd5 4. Bg2 c6 5. Nc3 Nxc3 6. bxc3 Bf5 7. e4 Bg6 8.
d4 Nd7 9. f4 e6 10. Ne2 Nf6 11. Qc2 Bh5 12. O-O Bxe2 13. Qxe2 Be7 14. Rb1 Rb8
15. f5 exf5 16. Bf4 O-O 17. Bxb8 Qxb8 18. Rxf5 g6 19. Rff1 b6 20. c4 Qd6 21.
Rbd1 Nh5 22. e5 Qc7 23. Qe4 b5 24. Qxc6 Qxc6 25. Bxc6 bxc4 26. Rc1 Bg5 27. Rxc4
Be3+ 28. Kg2 Rd8 29. d5 Ng7 30. Re4 Bb6 31. Re2 Nf5 32. Rc1 Ne3+ 33. Kf3 Nxd5
34. Rd1 Nb4 35. Rxd8+ Bxd8 36. Be4 Kf8 37. Rb2 Na6 38. Bd5 Bb6 39. Kg4 Nc7 40.
Bc4 Ke7 41. Re2 h6 42. Kf4 Ne6+ 43. Bxe6 Kxe6 44. Rc2 g5+ 45. Ke4 f5+ 46. exf6
Kxf6 47. Rc6+ Kg7 48. Kf5 Bg1 49. Rc7+ Kf8 50. g4 Bxh2 51. Rxa7 Bg1 52. Rh7 Be3
53. Rxh6 1-0

[Event "4NCL Division 4 South"]
[Site "Telford, ENG"]
[Date "2016.05.01"]
[Round "10.99"]
[White "Dickson, George"]
[Black "Kenning, Paul H"]
[Result "1/2-1/2"]
[WhiteElo "2009"]
[BlackElo "1863"]
[PlyCount "28"]
[EventDate "2016.05.01"]

1. e4 d6 2. d4 Nf6 3. Nc3 c6 4. Bd3 e5 5. Nge2 Be7 6. O-O Bg4 7. h3 Bh5 8. dxe5
dxe5 9. Be3 Nbd7 10. Ng3 Bg6 11. Qd2 Bc5 12. Rfe1 O-O 13. Bf1 Bxe3 14. Qxe3 Qb6
1/2-1/2

[Event "4NCL Division 4 South"]
[Site "Telford, ENG"]
[Date "2016.05.01"]
[Round "10.99"]
[White "Donaghay, Richard H"]
[Black "Botham, C Paul"]
[Result "1/2-1/2"]
[WhiteElo "1905"]
[BlackElo "1989"]
[PlyCount "49"]
[EventDate "2016.05.01"]

1. e4 Nf6 2. Nc3 d6 3. f4 e5 4. d3 Be7 5. Nf3 Bg4 6. Be2 Nbd7 7. Be3 c6 8. h3
Bxf3 9. Bxf3 Qa5 10. Qd2 exf4 11. Bxf4 Ne5 12. Be2 O-O 13. O-O-O Ng6 14. Bg3
Nh5 15. Bf2 Ng3 16. Rhe1 Bg5 17. Be3 Bxe3 18. Qxe3 Nxe2+ 19. Rxe2 Rfe8 20. Kb1
d5 21. Qd4 dxe4 22. Nxe4 Rad8 23. Qc4 Re7 24. Rf2 Qd5 25. Qxd5 1/2-1/2

[Event "4NCL Division 4 South"]
[Site "Telford, ENG"]
[Date "2016.05.01"]
[Round "10.99"]
[White "Peters, Alexander John"]
[Black "Lovell, Steve"]
[Result "1-0"]
[WhiteElo "2018"]
[BlackElo "1782"]
[PlyCount "91"]
[EventDate "2016.05.01"]

1. e4 e5 2. Nf3 Nc6 3. Bb5 a6 4. Ba4 Nf6 5. Bxc6 dxc6 6. d3 Bd6 7. Nbd2 Bg4 8.
Nc4 O-O 9. h3 Bxf3 10. Qxf3 b5 11. Ne3 Re8 12. Bd2 a5 13. Ng4 Re6 14. Rd1 c5
15. Qf5 Nxg4 16. hxg4 g6 17. Qf3 Qd7 18. Ke2 Rf8 19. Rh6 f6 20. Rdh1 Rf7 21.
Qh3 a4 22. Rxg6+ Kf8 23. Qh6+ Ke8 24. Rg8+ Bf8 25. Qh5 Ke7 26. Qxf7+ Kxf7 27.
Rxh7+ Kxg8 28. Rxd7 Re7 29. Rxe7 Bxe7 30. c4 c6 31. f4 Kf7 32. Kf3 Bf8 33. f5
Be7 34. g5 fxg5 35. Kg4 Bd8 36. Bxg5 Ba5 37. Be3 Bb4 38. Kh5 Kg7 39. g4 Be1 40.
cxb5 cxb5 41. Bxc5 Bd2 42. g5 Bc1 43. b3 Bf4 44. bxa4 bxa4 45. f6+ Kf7 46. Be7
1-0

[Event "4NCL Division 4 South"]
[Site "Telford, ENG"]
[Date "2016.05.01"]
[Round "10.99"]
[White "Somton, Anita"]
[Black "Calvert, D Ian"]
[Result "1/2-1/2"]
[WhiteElo "1617"]
[BlackElo "1963"]
[PlyCount "62"]
[EventDate "2016.05.01"]

1. d4 d5 2. c4 c6 3. Nf3 Nf6 4. Qc2 g6 5. Bf4 Bf5 6. Qb3 Qb6 7. Nbd2 Bg7 8. e3
O-O 9. Be2 Nbd7 10. O-O Qxb3 11. axb3 a6 12. h3 Rac8 13. c5 h6 14. b4 g5 15.
Bh2 Ne4 16. Nb3 Ra8 17. Ra2 Rfe8 18. Rfa1 e5 19. dxe5 Bxe5 20. Nxe5 Nxe5 21.
Nd4 Bd7 22. f3 Nf6 23. b5 cxb5 24. Bxb5 Rac8 25. Bxd7 Nfxd7 26. Nf5 Rxc5 27.
Nxh6+ Kg7 28. Nf5+ Kf6 29. Nd6 Rb8 30. f4 gxf4 31. exf4 Nc6 1/2-1/2

[Event "4NCL Division 4 South"]
[Site "Telford, ENG"]
[Date "2016.05.01"]
[Round "10.99"]
[White "Feavyour, John A"]
[Black "Carter, Dominic A"]
[Result "1/2-1/2"]
[WhiteElo "1991"]
[BlackElo "1660"]
[PlyCount "56"]
[EventDate "2016.05.01"]

1. d4 Nf6 2. c4 c5 3. d5 b5 4. Nf3 g6 5. cxb5 a6 6. b6 Qxb6 7. Nc3 d6 8. e4 Bg7
9. Be2 O-O 10. h3 Nbd7 11. O-O Bb7 12. Bc4 Rfb8 13. Qc2 Ne8 14. Rb1 Qd8 15. Be3
Nb6 16. Be2 Nd7 17. Nd2 Nc7 18. Nc4 Nb5 19. Nxb5 axb5 20. Nd2 Rxa2 21. Bxb5 Bc8
22. Qb3 Ra5 23. Bxd7 Rxb3 24. Nxb3 Bxd7 25. Nxa5 Qxa5 26. Ra1 Qb5 27. Ra8+ Be8
28. Rfa1 Kf8 1/2-1/2

[Event "4NCL Division 4 South"]
[Site "Telford, ENG"]
[Date "2016.05.01"]
[Round "10.99"]
[White "Balakrishnan, Kathirvel"]
[Black "Szymanski, Mark"]
[Result "0-1"]
[WhiteElo "1561"]
[BlackElo "1891"]
[PlyCount "50"]
[EventDate "2016.05.01"]

1. d4 d5 2. e3 Nf6 3. Bd3 Bg4 4. Nf3 e6 5. Nbd2 c5 6. b3 Nc6 7. c3 Bd6 8. Qc2
O-O 9. O-O Rc8 10. Bb2 cxd4 11. Nxd4 Nb4 12. Qb1 Nxd3 13. Qxd3 e5 14. f3 Bh5
15. Nf5 Bg6 16. Kh1 Bb8 17. e4 Bxf5 18. exf5 Qc7 19. g3 Rfe8 20. Rac1 Rcd8 21.
Kg2 Qc6 22. h3 Bc7 23. a4 a6 24. Rf2 e4 25. Qf1 e3 0-1

[Event "4NCL Division 4 South"]
[Site "Telford, ENG"]
[Date "2016.05.01"]
[Round "10.99"]
[White "Munshi, Aditya"]
[Black "Davis, Lee"]
[Result "1/2-1/2"]
[WhiteElo "1930"]
[BlackElo "1965"]
[PlyCount "31"]
[EventDate "2016.05.01"]

1. e4 g6 2. d4 d6 3. Nc3 Bg7 4. Be3 Nf6 5. h3 c6 6. Qd2 O-O 7. Bh6 b5 8. Bxg7
Kxg7 9. Bd3 e5 10. dxe5 dxe5 11. Nge2 Bb7 12. Ng3 Nbd7 13. h4 Ng8 14. h5 h6 15.
O-O-O Nc5 16. Kb1 1/2-1/2

[Event "4NCL Division 4 South"]
[Site "Telford, ENG"]
[Date "2016.05.01"]
[Round "10.99"]
[White "Davies, Peter"]
[Black "Raghavendra, Mahima"]
[Result "1-0"]
[WhiteElo "1989"]
[BlackElo "1802"]
[PlyCount "64"]
[EventDate "2016.05.01"]

1. c4 Nf6 2. Nc3 g6 3. g3 Bg7 4. Bg2 c6 5. e4 d6 6. d4 Nbd7 7. Nge2 c5 8. d5 a5
9. O-O Nb6 10. b3 O-O 11. a4 e6 12. Ra2 exd5 13. cxd5 Re8 14. h3 Bd7 15. Bf4
Nc8 16. Qd2 Qb6 17. Bh6 Bh8 18. Kh1 Bg7 19. Bxg7 Kxg7 20. Nf4 Qd8 21. Nd3 b6
22. f4 Ng8 23. e5 Rb8 24. Re1 Nh6 25. g4 b5 26. axb5 Bxb5 27. Nxb5 Rxb5 28. f5
Ng8 29. f6+ Kh8 30. g5 Qd7 31. Qc3 dxe5 32. Nxe5 Qc7 1-0

[Event "4NCL Division 4 South"]
[Site "Telford, ENG"]
[Date "2016.05.01"]
[Round "10.99"]
[White "Rahulan, Thivyaa"]
[Black "Perrett, David C"]
[Result "1/2-1/2"]
[WhiteElo "1630"]
[BlackElo "1944"]
[PlyCount "43"]
[EventDate "2016.05.01"]

1. d4 d5 2. Nf3 e6 3. e3 Bd6 4. Bd3 f5 5. O-O Nf6 6. b3 Qe7 7. Bb2 O-O 8. Nbd2
Ne4 9. Ne5 Nxd2 10. Qxd2 Nd7 11. Rac1 a5 12. a4 Bb4 13. Bc3 Nxe5 14. dxe5 Bd7
15. Bxb4 axb4 16. f4 c5 17. Rfd1 Bc6 18. Be2 Rfd8 19. Bf3 b5 20. axb5 Bxb5 21.
Ra1 Qc7 22. h3 1/2-1/2

[Event "4NCL Division 4 South"]
[Site "Telford, ENG"]
[Date "2016.05.01"]
[Round "10.99"]
[White "James, Dai"]
[Black "Wiltshir, Richard"]
[Result "1-0"]
[WhiteElo "1914"]
[BlackElo "1670"]
[PlyCount "53"]
[EventDate "2016.05.01"]

1. f4 d6 2. Nf3 Nd7 3. e4 g6 4. d4 Bg7 5. Bc4 e6 6. O-O Ne7 7. e5 d5 8. Bd3 c5
9. Qe1 Qb6 10. g4 cxd4 11. Nbd2 Nc5 12. Nb3 Nxb3 13. axb3 O-O 14. Qh4 Re8 15.
Bd2 Nc6 16. Rae1 Bd7 17. Kg2 a5 18. Ng5 h6 19. Nxf7 Kxf7 20. f5 Nxe5 21. fxg6+
Kg8 22. Bxh6 Nxd3 23. Bxg7 Nxe1+ 24. Rxe1 Kxg7 25. Qh7+ Kf6 26. Qf7+ Kg5 27.
Re5+ 1-0

[Event "4NCL Division 4 South"]
[Site "Telford, ENG"]
[Date "2016.05.01"]
[Round "10.99"]
[White "Desai, Nilomi"]
[Black "Thomas, Gary"]
[Result "0-1"]
[WhiteElo "1690"]
[BlackElo "1844"]
[PlyCount "90"]
[EventDate "2016.05.01"]

1. d4 c5 2. d5 e5 3. e4 Nf6 4. Nc3 d6 5. Nf3 Be7 6. Be2 Nbd7 7. O-O Nf8 8. Re1
Ng6 9. Bb5+ Bd7 10. h3 h5 11. Bg5 h4 12. a4 a6 13. Bxd7+ Nxd7 14. Be3 b6 15.
Nb1 Nf6 16. Nbd2 Nh5 17. c4 a5 18. Qb3 O-O 19. Nh2 Ngf4 20. Ng4 Rb8 21. Kh2 Bg5
22. Nf3 Be7 23. Bd2 f5 24. exf5 Rxf5 25. Re4 Qf8 26. Rae1 Nf6 27. Nxf6+ Qxf6
28. Be3 Rf8 29. Qxb6 Nxg2 30. Kxg2 Rxf3 31. Re2 Qf5 32. Rg4 Rxe3 33. fxe3 Qf1+
34. Kh2 Qxe2+ 35. Rg2 Qxe3 36. Qxa5 Bg5 37. Qc3 Qf4+ 38. Kh1 Qe4 39. Kg1 Qb1+
40. Kh2 Bf4+ 41. Rg3 Bxg3+ 42. Qxg3 hxg3+ 43. Kxg3 Qg1+ 44. Kh4 Qg6 45. a5 Rf4#
0-1

[Event "4NCL Division 4 South"]
[Site "Telford, ENG"]
[Date "2016.05.01"]
[Round "10.99"]
[White "Dixon, Chris"]
[Black "Desai, Tarun"]
[Result "1-0"]
[WhiteElo "1795"]
[BlackElo "1219"]
[PlyCount "85"]
[EventDate "2016.05.01"]

1. Nf3 c5 2. g3 Nc6 3. Bg2 Nf6 4. O-O b6 5. d3 Bb7 6. e4 e5 7. Re1 Bd6 8. Nbd2
O-O 9. Nc4 Qe7 10. Nh4 h6 11. Nf5 Qe6 12. Ncxd6 g6 13. Nxh6+ Kg7 14. Nxb7 Rab8
15. Nd6 Qxd6 16. Ng4 Qe6 17. Nxf6 Qxf6 18. c3 a6 19. Qf3 Qe6 20. Qe2 b5 21. Be3
d6 22. Qd2 Rh8 23. d4 exd4 24. cxd4 cxd4 25. Bxd4+ Nxd4 26. Qxd4+ f6 27. b3 Rb7
28. Rac1 a5 29. Qd5 Qe7 30. e5 Rd7 31. e6 Ra7 32. Qxb5 Rh5 33. Qd3 Rc7 34. Rxc7
Qxc7 35. e7 Rh8 36. e8=Q Rxe8 37. Rxe8 Qc1+ 38. Bf1 Qc6 39. Qe3 g5 40. Qe7+ Kg6
41. Rg8+ Kh5 42. Be2+ Kh6 43. Qg7# 1-0

[Event "4NCL Division 4 South"]
[Site "Telford, ENG"]
[Date "2016.05.01"]
[Round "10.99"]
[White "Neatherway, A Philip"]
[Black "Littlejohns, David P"]
[Result "1/2-1/2"]
[WhiteElo "1823"]
[BlackElo "2004"]
[PlyCount "55"]
[EventDate "2016.05.01"]

1. e4 c6 2. d4 d5 3. exd5 cxd5 4. c4 Nf6 5. Nc3 Nc6 6. Nf3 Bg4 7. cxd5 Nxd5 8.
Bc4 e6 9. O-O Be7 10. Be3 O-O 11. Rc1 Bf6 12. h3 Nxc3 13. bxc3 Bf5 14. Re1 Rc8
15. Bf1 Qa5 16. Qb3 Qc7 17. Qa4 Rfd8 18. Red1 h6 19. c4 a6 20. d5 Ne7 21. Qa3
exd5 22. cxd5 Qd7 23. Rxc8 Rxc8 24. d6 Nc6 25. Nd4 Nxd4 26. Bxd4 Bxd4 27. Rxd4
Rd8 28. Bc4 1/2-1/2

[Event "4NCL Division 4 South"]
[Site "Telford, ENG"]
[Date "2016.05.01"]
[Round "10.99"]
[White "Homer, Stephen J"]
[Black "Cole, Graham"]
[Result "1/2-1/2"]
[WhiteElo "1994"]
[BlackElo "1818"]
[PlyCount "151"]
[EventDate "2016.05.01"]

1. e4 c5 2. Nf3 d6 3. d4 cxd4 4. Nxd4 Nf6 5. Nc3 g6 6. g3 Nc6 7. Bg2 Nxd4 8.
Qxd4 Bg7 9. h3 O-O 10. Qd3 a6 11. Be3 Qc7 12. O-O Be6 13. Rfd1 Rac8 14. Bd4 b5
15. a3 h5 16. f4 Bc4 17. Qd2 Nd7 18. Bxg7 Kxg7 19. e5 Qb6+ 20. Qf2 Be6 21. exd6
exd6 22. Qxb6 Nxb6 23. Bb7 Nc4 24. Bxc8 Rxc8 25. Ne4 d5 26. Ng5 Nxb2 27. Nxe6+
fxe6 28. Re1 Kf6 29. Re2 Rc3 30. Kh2 Rc6 31. g4 hxg4 32. hxg4 Nc4 33. g5+ Kf7
34. Kg3 Nd6 35. Rd1 Ne4+ 36. Rxe4 dxe4 37. Rd7+ Kf8 38. Rd8+ Ke7 39. Rd2 Rc3+
40. Kg4 Rxa3 41. Rh2 Rc3 42. Rh7+ Kf8 43. Ra7 Rxc2 44. Rxa6 Ke7 45. Rb6 Rc5 46.
Rb7+ Kd6 47. Rg7 b4 48. Rb7 Rc4 49. Rb6+ Kd5 50. f5 exf5+ 51. Kf4 Rc6 52. Rxb4
Re6 53. Ke3 Rd6 54. Rb8 Ke5 55. Rf8 Ra6 56. Re8+ Kd6 57. Kf4 Kd7 58. Rg8 Ke7
59. Rg7+ Kf8 60. Rb7 Re6 61. Ke3 f4+ 62. Kxf4 e3 63. Rb1 e2 64. Re1 Ke7 65. Kf3
Kd6 66. Rxe2 Rxe2 67. Kxe2 Ke5 68. Kf3 Kf5 69. Kg2 Kg4 70. Kh2 Kxg5 71. Kg3 Kf5
72. Kf3 g5 73. Kg3 g4 74. Kg2 Kf4 75. Kf2 g3+ 76. Kg1 1/2-1/2

[Event "4NCL Division 4 South"]
[Site "Telford, ENG"]
[Date "2016.05.01"]
[Round "10.99"]
[White "Henbest, Kevin B"]
[Black "Davies, Matthew"]
[Result "0-1"]
[WhiteElo "1658"]
[BlackElo "1953"]
[PlyCount "110"]
[EventDate "2016.05.01"]

1. e4 e6 2. d4 d5 3. Nc3 Nf6 4. Bg5 dxe4 5. Nxe4 Be7 6. Nxf6+ Bxf6 7. Bxf6 Qxf6
8. Nf3 O-O 9. Bd3 Nd7 10. Qe2 c5 11. O-O-O cxd4 12. Qe4 g6 13. Nxd4 Nc5 14. Qe3
Bd7 15. Bb5 Bxb5 16. Nxb5 b6 17. Rd4 a6 18. Nd6 e5 19. Rd5 Qe6 20. Qxe5 Qxe5
21. Rxe5 Rad8 22. Rd1 Ne6 23. g3 Rd7 24. Red5 Rfd8 25. c4 Rc7 26. b3 b5 27. Kb2
bxc4 28. bxc4 Rb8+ 29. Kc3 Nc5 30. Kd4 Ne6+ 31. Ke5 Nc5 32. Kd4 Ne6+ 33. Kc3
Nc5 34. f3 Na4+ 35. Kd4 Rb2 36. Ra5 Rc6 37. Ke5 Nb6 38. c5 Re2+ 39. Kd4 Nd7 40.
Kd5 Rc7 41. f4 Rxh2 42. g4 Nf6+ 43. Kd4 Nxg4 44. Rxa6 h5 45. Ra8+ Kh7 46. a4
Rc2 47. Re1 Rd2+ 48. Kc4 Rxd6 49. a5 Rdc6 50. Kb4 Rxc5 51. a6 Nf6 52. a7 Nd5+
53. Kb3 Rb7+ 54. Ka4 Nc3+ 55. Ka3 Ra5# 0-1

[Event "4NCL Division 4 South"]
[Site "Telford, ENG"]
[Date "2016.05.01"]
[Round "10.99"]
[White "Gregory, Andrew M"]
[Black "Riley, Adrian K"]
[Result "1-0"]
[WhiteElo "1930"]
[BlackElo "1611"]
[PlyCount "39"]
[EventDate "2016.05.01"]

1. d4 d5 2. Nf3 Nf6 3. Bf4 e6 4. e3 Bd6 5. Ne5 O-O 6. c4 Bb4+ 7. Nc3 Ne4 8. Qc2
c6 9. Bd3 f5 10. a3 Qa5 11. Bxe4 fxe4 12. O-O Be7 13. b4 Qd8 14. f3 exf3 15.
Rxf3 Nd7 16. Rh3 Nxe5 17. Qxh7+ Kf7 18. Bxe5 Bf6 19. Bxf6 Kxf6 20. Rf1+ 1-0

[Event "4NCL Division 4 South"]
[Site "Telford, ENG"]
[Date "2016.05.01"]
[Round "10.99"]
[White "Tselos, Aristotelis"]
[Black "Griffiths, Hywel"]
[Result "1-0"]
[WhiteElo "1399"]
[BlackElo "1787"]
[PlyCount "93"]
[EventDate "2016.05.01"]

1. e4 c5 2. Nf3 g6 3. Bc4 e6 4. Nc3 Bg7 5. O-O Nc6 6. Nb5 d5 7. exd5 exd5 8.
Re1+ Nge7 9. Bxd5 O-O 10. Bxc6 Nxc6 11. d3 a6 12. Nc3 b5 13. Ne4 Qd5 14. Be3
Nd4 15. Nxd4 cxd4 16. Bf4 Bb7 17. f3 f5 18. Nd6 Bc6 19. Qe2 g5 20. Bxg5 Qxd6
21. Be7 Qg6 22. Bxf8 Rxf8 23. Qe6+ Qxe6 24. Rxe6 Rf6 25. Rae1 Bd7 26. Rxf6 Bxf6
27. Re2 Kf7 28. g3 Bc6 29. Kf2 b4 30. b3 Be7 31. Re1 Kf6 32. Re2 Bd5 33. Re1
Be6 34. Re2 Bd6 35. Re1 a5 36. Re2 h5 37. Re1 Bf8 38. Re2 Bh6 39. f4 h4 40. Re5
a4 41. bxa4 hxg3+ 42. hxg3 Bf8 43. a5 Bd6 44. Rb5 Bd7 45. Rb6 Ke7 46. a6 Be6
47. Rb7+ 1-0

[Event "4NCL Division 4 South"]
[Site "Telford, ENG"]
[Date "2016.05.01"]
[Round "10.99"]
[White "Varma, Varun"]
[Black "Matilal, Tamal"]
[Result "1-0"]
[WhiteElo "1847"]
[BlackElo "1412"]
[PlyCount "29"]
[EventDate "2016.05.01"]

1. e4 e6 2. d4 c5 3. Nf3 cxd4 4. Nxd4 a6 5. Nc3 Nc6 6. Be3 Bb4 7. g3 d5 8. Bg2
Nf6 9. O-O O-O 10. exd5 Bxc3 11. dxc6 Bxb2 12. Rb1 Bxd4 13. Bxd4 Rb8 14. Be5
Bd7 15. c7 1-0

[Event "4NCL Division 4 South"]
[Site "Telford, ENG"]
[Date "2016.05.01"]
[Round "10.99"]
[White "Ireland, David J"]
[Black "Marlow, Ben"]
[Result "1/2-1/2"]
[WhiteElo "1929"]
[BlackElo "1812"]
[PlyCount "26"]
[EventDate "2016.05.01"]

1. Nf3 c5 2. c4 g6 3. Nc3 Bg7 4. g3 Nf6 5. Bg2 O-O 6. O-O Nc6 7. d4 cxd4 8.
Nxd4 a6 9. e4 Nxe4 10. Nxc6 Nxc3 11. Nxe7+ Qxe7 12. bxc3 Bxc3 13. Rb1 d6
1/2-1/2

[Event "4NCL Division 4 South"]
[Site "Telford, ENG"]
[Date "2016.05.01"]
[Round "10.99"]
[White "Byrne, Nigel"]
[Black "Nwachukwu, Chino"]
[Result "0-1"]
[WhiteElo "1763"]
[BlackElo "1946"]
[PlyCount "66"]
[EventDate "2016.05.01"]

1. e4 c5 2. c3 d5 3. exd5 Qxd5 4. d4 Nf6 5. Nf3 Bg4 6. Be2 Nc6 7. Be3 cxd4 8.
cxd4 O-O-O 9. Qc2 e5 10. O-O exd4 11. Nxd4 Bxe2 12. Nxe2 Ng4 13. Bf4 g5 14.
Nbc3 Qc5 15. Bg3 f5 16. h3 Nf6 17. Qb3 f4 18. Nxf4 gxf4 19. Bxf4 Qf5 20. Be3
Bd6 21. Nb5 Bb8 22. Rac1 Rhg8 23. Bxa7 Qd5 24. Qxd5 Rxd5 25. Bxb8 Kxb8 26. Nc3
Rd2 27. b3 Ne5 28. Kh1 Rc8 29. a3 Nd3 30. Nb1 Rxc1 31. Nxd2 Rc2 32. Nc4 Ne4 33.
f3 Ng3+ 0-1

[Event "4NCL Division 4 South"]
[Site "Telford, ENG"]
[Date "2016.05.01"]
[Round "10.99"]
[White "Pink, Joshua"]
[Black "Hendy, Jerry"]
[Result "1-0"]
[WhiteElo "1938"]
[BlackElo "1832"]
[PlyCount "35"]
[EventDate "2016.05.01"]

1. c3 e6 2. Nf3 b6 3. d4 Bb7 4. Nbd2 f5 5. e3 Nf6 6. Bd3 g6 7. h4 Bg7 8. Qe2
Qe7 9. e4 fxe4 10. Nxe4 Nxe4 11. Bxe4 Nc6 12. Bg5 Bf6 13. a4 a5 14. Bxf6 Qxf6
15. Ne5 O-O 16. Nxd7 Qf4 17. Nxf8 Rxf8 18. Bxc6 1-0

[Event "4NCL Division 4 South"]
[Site "Telford, ENG"]
[Date "2016.05.01"]
[Round "10.99"]
[White "Woolgar, Steven G"]
[Black "Goodwin, Ed H"]
[Result "1-0"]
[WhiteElo "1690"]
[BlackElo "1899"]
[PlyCount "103"]
[EventDate "2016.05.01"]

1. c4 f5 2. Nf3 Nf6 3. g3 e6 4. Nc3 Be7 5. d3 d6 6. Bg2 O-O 7. O-O Nc6 8. Re1
Qe8 9. e4 e5 10. exf5 Bxf5 11. Ne4 Nxe4 12. dxe4 Be6 13. b3 h6 14. a3 Rf6 15.
Be3 Qf7 16. Nh4 Kh8 17. Ra2 Rf8 18. Qd3 g5 19. Nf5 Bxf5 20. exf5 Rxf5 21. Be4
Rf6 22. Bd5 Qh5 23. Qe4 Qg6 24. Bxc6 bxc6 25. Qxc6 Qd3 26. Qb7 a5 27. a4 Qc3
28. Rc1 Qd3 29. Rd2 Qf5 30. Qxc7 Bd8 31. Qc6 Be7 32. Qd5 e4 33. Bd4 Kh7 34.
Bxf6 Rxf6 35. Qxf5+ Rxf5 36. Rd5 Rf3 37. Rb1 e3 38. fxe3 Rxe3 39. Rxa5 Bf6 40.
Rd5 Re4 41. Rxd6 Bc3 42. Kf2 Bd4+ 43. Rxd4 Rxd4 44. Ke3 Rd8 45. Rb2 Kg6 46. a5
Kf5 47. b4 Ke5 48. c5 Rd1 49. a6 Ra1 50. b5 Ra3+ 51. Kd2 Kd5 52. b6 1-0

[Event "4NCL Division 4 South"]
[Site "Telford, ENG"]
[Date "2016.05.01"]
[Round "10.99"]
[White "Ho, Marco"]
[Black "Jones, Howard"]
[Result "1-0"]
[WhiteElo "1855"]
[BlackElo "1585"]
[PlyCount "71"]
[EventDate "2016.05.01"]

1. d4 Nf6 2. c4 g6 3. Nc3 Bg7 4. e4 d6 5. Nf3 O-O 6. Be2 e5 7. dxe5 dxe5 8.
Qxd8 Rxd8 9. Bg5 Re8 10. Nd5 Nxd5 11. cxd5 c6 12. d6 Nd7 13. O-O-O b6 14. Kb1
Bb7 15. Rhe1 Rac8 16. Be7 c5 17. Bc4 h6 18. Nh4 g5 19. Nf5 Bc6 20. h4 b5 21.
Bd5 Bxd5 22. Rxd5 gxh4 23. Rh1 Kh7 24. Rxh4 f6 25. g4 Rh8 26. g5 Kg6 27. gxf6
Bxf6 28. Bxf6 Kxf6 29. Ne7 Rce8 30. f4 Rh7 31. Rg4 Rexe7 32. dxe7 Rxe7 33. Rd6+
Kf7 34. Rxh6 Nf6 35. Rg5 exf4 36. Rf5 1-0

[Event "4NCL Division 4 South"]
[Site "Telford, ENG"]
[Date "2016.05.01"]
[Round "10.99"]
[White "Harris, John"]
[Black "Price, Andrew"]
[Result "1-0"]
[WhiteElo "1637"]
[BlackElo "1892"]
[PlyCount "77"]
[EventDate "2016.05.01"]

1. e4 c5 2. d4 cxd4 3. c3 Nf6 4. e5 Nd5 5. cxd4 e6 6. Nf3 Nc6 7. Nc3 Bb4 8. Bd2
Nb6 9. Bd3 d5 10. O-O Be7 11. a3 a6 12. Qe2 Nd7 13. Rac1 Nf8 14. g3 Bd7 15. h4
h6 16. Be3 Rc8 17. Nh2 f5 18. exf6 Bxf6 19. Qh5+ Ke7 20. Nxd5+ exd5 21. Rfe1
Be6 22. Bg5 Kd7 23. Bf4 Qe8 24. Qd1 Qf7 25. Qb3 b5 26. a4 Nxd4 27. Qb4 Qe7 28.
Qa5 Rxc1 29. Rxc1 Ke8 30. Rc7 Bd7 31. axb5 Nxb5 32. Rb7 Bd4 33. Bf5 Kf7 34. Nf3
Bxb2 35. Qd2 Nc3 36. Ne5+ Kg8 37. Qxb2 d4 38. Qb3+ Ne6 39. Rxd7 1-0

[Event "4NCL Division 4 South"]
[Site "Telford, ENG"]
[Date "2016.05.01"]
[Round "10.99"]
[White "Gooding, Ian"]
[Black "Szwajkun, Richard"]
[Result "1-0"]
[WhiteElo "2032"]
[BlackElo "1676"]
[PlyCount "67"]
[EventDate "2016.05.01"]

1. e4 d5 2. exd5 Qxd5 3. Nc3 Qa5 4. d4 Nf6 5. Nf3 Bg4 6. Be2 c6 7. O-O e6 8.
Qd3 Be7 9. Bf4 Nbd7 10. a3 Nd5 11. Bg3 Bf5 12. Qd2 N7f6 13. Nxd5 Qxd5 14. c4
Qd8 15. Rad1 Ne4 16. Qe3 Nxg3 17. hxg3 O-O 18. Rfe1 Re8 19. Qb3 Qc7 20. Nh4 Bg6
21. Bf3 Rad8 22. Nxg6 hxg6 23. Re2 Bf6 24. Red2 Rd7 25. d5 exd5 26. cxd5 c5 27.
d6 Qb8 28. Bg4 Rdd8 29. d7 Re4 30. Bf3 Rd4 31. Rxd4 Bxd4 32. Bg4 b6 33. Re1 Qd6
34. Re8+ 1-0